Les grands événements de 1986 - Statistiques

Statistiques générales
  • Ce quiz a été pris 12 fois
  • Le résultat moyen est 4 sur 15
Statistiques - réponses
Hint Extra Hint Réponse % Correct
Catastrophe de Tchernobyl URSS 26 avril
55%
Mort de Simone de Beauvoir France 14 avril
36%
Mort de Daniel Balavoine et Thierry Sabine Mali / France 14 janvier
36%
Début de la 1ère cohabitation en France France 16 mars
36%
Mort de Coluche France 19 juin
36%
Mort de Thierry Le Luron France 13 novembre
27%
Annonce de la construction du tunnel sous la Manche France / Royaume-Uni 20 janvier
27%
Catastrophe du lac Nyos - 1700 morts Cameroun 21 août
27%
Assassinat du 1er ministre suédois Olof Palme Suède 28 février
27%
Espagne et Portugal deviennent membres de la CEE Espagne / Portugal 1er janvier
18%
Indépendance des Iles Marshall Etats-Unis / Marshall 21 octobre
18%
Désintégration de la navette spatiale Challenger Etats-Unis 28 janvier
18%
Elie Wiesel, prix Nobel de la Paix Etats-Unis 13 octobre
9%
Début d'une série d'attentats à Paris France 3 février
9%
Passage de la comète de Halley 9 février
9%
Aucun quiz correspondant
Distribution des résultats
% des personnes avec chaque résultat
Percentile par nombre de réponses
Votre historique - résultats
Vous n’avez pas pris ce quiz